<?xml version="1.0" encoding="UTF-8"?>
<record
    xmlns:xsi="http://www.w3.org/2001/XMLSchema-instance"
    xsi:schemaLocation="http://www.loc.gov/MARC21/slim http://www.loc.gov/standards/marcxml/schema/MARC21slim.xsd"
    xmlns="http://www.loc.gov/MARC21/slim">

  <leader>01121nam a2200277 a 4500</leader>
  <controlfield tag="001">BRCA_2641</controlfield>
  <controlfield tag="005">20190320203914.0</controlfield>
  <controlfield tag="008">141112s2005----sp-a######---#000-0#spa-u</controlfield>
  <datafield tag="020" ind1=" " ind2=" ">
    <subfield code="a">8489895155</subfield>
  </datafield>
  <datafield tag="041" ind1=" " ind2=" ">
    <subfield code="a">spa</subfield>
  </datafield>
  <datafield tag="044" ind1=" " ind2=" ">
    <subfield code="a">sp</subfield>
  </datafield>
  <datafield tag="050" ind1=" " ind2="4">
    <subfield code="a">NA6403.S4</subfield>
    <subfield code="b">.R63 2005</subfield>
  </datafield>
  <datafield tag="100" ind1="1" ind2=" ">
    <subfield code="a">Rodr&#xED;guez Gordillo, Jos&#xE9; Manuel</subfield>
    <subfield code="9">7512</subfield>
  </datafield>
  <datafield tag="245" ind1="1" ind2="0">
    <subfield code="a">Historia de la Real F&#xE1;brica de Tabacos de Sevilla</subfield>
    <subfield code="b">sede actual de la Universidad de Sevilla</subfield>
    <subfield code="c">Jos&#xE9; Manuel Rodr&#xED;guez Gordillo ; con la colaboraci&#xF3;n de Sergio Rojas-Marcos Rodr&#xED;guez de Quesada.</subfield>
  </datafield>
  <datafield tag="260" ind1=" " ind2=" ">
    <subfield code="a">Espa&#xF1;a</subfield>
    <subfield code="b">Fundaci&#xF3;n Focus-Abengoa</subfield>
    <subfield code="c">[2005]</subfield>
  </datafield>
  <datafield tag="300" ind1=" " ind2=" ">
    <subfield code="a">253 p.</subfield>
    <subfield code="b">il. (algunas a color)</subfield>
    <subfield code="c">32 cm.</subfield>
  </datafield>
  <datafield tag="500" ind1=" " ind2=" ">
    <subfield code="a">Incluye l&#xE9;xico tabaquero e &#xED;ndice de fotograf&#xED;as</subfield>
  </datafield>
  <datafield tag="500" ind1=" " ind2=" ">
    <subfield code="a">Colecci&#xF3;n Sonia Corcuera de Mancera</subfield>
  </datafield>
  <datafield tag="504" ind1=" " ind2=" ">
    <subfield code="a">Bibliograf&#xED;a: p. 241-244</subfield>
  </datafield>
  <datafield tag="610" ind1="2" ind2="4">
    <subfield code="a">Real F&#xE1;brica de Tabacos de Sevilla</subfield>
    <subfield code="x">Historia</subfield>
    <subfield code="z">Sevilla (Espa&#xF1;a)</subfield>
    <subfield code="9">7513</subfield>
  </datafield>
  <datafield tag="650" ind1="1" ind2="4">
    <subfield code="a">Industrias tabaqueras</subfield>
    <subfield code="x">Historia</subfield>
    <subfield code="z">Sevilla (Espa&#xF1;a)</subfield>
    <subfield code="9">7514</subfield>
  </datafield>
  <datafield tag="651" ind1=" " ind2="4">
    <subfield code="a">Sevilla (Espa&#xF1;a)</subfield>
    <subfield code="x">Historia</subfield>
    <subfield code="9">7515</subfield>
  </datafield>
  <datafield tag="700" ind1="1" ind2=" ">
    <subfield code="a">Rojas-Marcos Rodr&#xED;guez de Quesada, Sergio</subfield>
    <subfield code="9">7516</subfield>
  </datafield>
  <datafield tag="902" ind1=" " ind2=" ">
    <subfield code="a">DSC</subfield>
  </datafield>
  <datafield tag="942" ind1=" " ind2=" ">
    <subfield code="2">lcc</subfield>
    <subfield code="c">B</subfield>
  </datafield>
  <datafield tag="999" ind1=" " ind2=" ">
    <subfield code="c">2381</subfield>
    <subfield code="d">2381</subfield>
  </datafield>
  <datafield tag="952" ind1=" " ind2=" ">
    <subfield code="0">0</subfield>
    <subfield code="1">0</subfield>
    <subfield code="4">0</subfield>
    <subfield code="7">0</subfield>
    <subfield code="a">BRCA</subfield>
    <subfield code="b">BRCA</subfield>
    <subfield code="d">2008-12-01</subfield>
    <subfield code="l">0</subfield>
    <subfield code="o">NA6403.S4 .R63 2005</subfield>
    <subfield code="p">DSC00121</subfield>
    <subfield code="r">2019-03-22 00:00:00</subfield>
    <subfield code="w">2019-03-22</subfield>
    <subfield code="y">B</subfield>
  </datafield>
</record>
